Countries by Sentences from Their Constitutions - Statistics

General Stats
  • This quiz has been taken 21 times
  • The average score is 12 of 15
Answer Stats
Country First sentence % Correct
North Korea The ___ is the socialist motherland of Juche which has applied the idea and leadership of the great leader Comrade Kim Il Sung.
95%
Vietnam Starting in 1930, under the leadership of the Communist Party of ___, formed and trained by President Ho Chi Minh, our people waged a protracted revolutionary struggle full of hardships and sacrifices for independence, freedom of the nation and happiness of the People.
95%
Iran The Constitution of the Islamic Republic of ___ sets forth the cultural, social, political, and economic institutions of ___ society on the basis of Islamic principles and norms, which represent the earnest aspiration of the Islamic Ummah.
89%
Iraq We, the people of Mesopotamia, the homeland of the apostles and prophets, resting place of the virtuous imams, cradle of civilization, crafters of writing, and home of numeration.
89%
Monaco The Principality of ___ is a sovereign and independent State within the framework of the general principles of international law and the particular conventions with France.
89%
Taiwan The National Constituent Assembly of the Republic of China, by virtue of the mandate received from the whole body of citizens, in accordance with the teachings bequeathed by Dr. Sun Yat-sen in founding the Republic of China...
89%
United States We the People of the ___, in Order to form a more perfect Union, establish Justice, insure domestic Tranquility, provide for the common defence, promote the general Welfare, and secure the Blessings of Liberty to ourselves and our Posterity, do ordain and establish this Constitution for the ___.
89%
Egypt ___ is the gift of the Nile and the gift of ___ to humanity. Blessed with a unique location and history, the Arab nation of ___ is the heart of the whole world.
79%
Switzerland The ___ People and the Cantons, mindful of their responsibility towards creation, resolved to renew their alliance so as to strengthen liberty, democracy, independence and peace in a spirit of solidarity and openness towards the world...
79%
Venezuela The people of ___, exercising their powers of creation and invoking the protection of God, the historic example of our Liberator Simon Bolivar and the heroism and sacrifice of our aboriginal ancestors and the forerunners and founders of a free and sovereign nation...
79%
Japan We, the ___ people, acting through our duly elected representatives in the National Diet... and resolved that never again shall we be visited with the horrors of war through the action of government, do proclaim that sovereign power resides with the people and do firmly establish this Constitution.
74%
China ___ is one of the countries with the longest histories in the world. The people of all nationalities in ___ have jointly created a splendid culture and have a glorious revolutionary tradition.
68%
Germany Conscious of their responsibility before God and man, Inspired by the determination to promote world peace as an equal partner in a united Europe, the ___ people, in the exercise of their constituent power, have adopted this Basic Law.
68%
Nigeria We the people of the Federal Republic of ___ Having firmly and solemnly resolved: To live in unity and harmony as one indivisible and indissoluble sovereign nation under God, dedicated to the promotion of inter-African solidarity, world peace, international co-operation and understanding...
68%
Cuba We, ___ citizens, heirs and continuators of the creative work and the traditions of combativity, firmness, heroism and sacrifice fostered by our ancestors: by the Indians who preferred extermination to submission; by the slaves who rebelled against their masters...
58%
No matching quizzes found
Score Distribution
Percent of People with Each Score
Percentile by Number Answered
Your Score History
You have not taken this quiz